000 01197cam a2200325 i 4500
999 _c7279
_d7279
001 18615115
003 GBCCL
005 20241126110624.0
008 150512s2012 enkab j e 001 0 eng
010 _a 2015304134
020 _a9781472363459 (hardcover)
040 _aDLC
_beng
_erda
_cDLC
_dDLC
042 _apcc
050 0 0 _aAG6
_b.E139 2012
082 0 0 _a031.02
_223
_bENC
245 0 0 _aEncyclopedia of everything.
246 1 _iSubtitle on cover:
_aA family reference guide to hundreds of topics about our world!
264 1 _aBath ;
_aNew York :
_bParragon,
_c2012-2014.
300 _a219 pages :
_billustrations, maps ;
_c28 cm
336 _atext
_btxt
_2rdacontent
337 _aunmediated
_bn
_2rdamedia
338 _avolume
_bnc
_2rdacarrier
500 _aIncludes index.
505 0 _aThe universe and planet Earth -- The natural world -- The human body -- History -- Science and culture.
650 0 _aChildren's encyclopedias and dictionaries.
_99445
710 2 _aDiscovery Kids (Television network)
_912896
906 _a7
_bcbc
_corignew
_d2
_encip
_f20
_gy-gencatlg
942 _2ddc
_cREF